Кенигсберг : (Record no. 535669)
[ view plain ]
| 000 -LEADER | |
|---|---|
| fixed length control field | 01163nam a2200217 a 4500 |
| 001 - CONTROL NUMBER | |
| control field | 1158951 |
| 003 - CONTROL NUMBER IDENTIFIER | |
| control field | AM-YEHGA |
| 005 - DATE AND TIME OF LATEST TRANSACTION | |
| control field | 20251009150056.0 |
| 008 - FIXED-LENGTH DATA ELEMENTS--GENERAL INFORMATION | |
| fixed length control field | 171106s1945 ru |||||r|||||000|0|rus|d |
| 040 ## - CATALOGING SOURCE | |
| Original cataloging agency | AM-YEHGA |
| 041 0# - LANGUAGE CODE | |
| Language code of text/sound track or separate title | rus |
| 100 1# - MAIN ENTRY--PERSONAL NAME | |
| Personal name | Грацианский, Николай Павлович |
| 245 00 - TITLE STATEMENT | |
| Title | Кенигсберг : |
| Remainder of title | Стенограмма публичной лекции д-ра ист. наук Н.П. Грацианского, прочитанной 19-го сентября 1945 года в Лекционном зале в Москве / |
| Statement of responsibility, etc. | Н.П. Грацианский ; Всесоюз. лекц. бюро при Ком-те по делам высш. школы при СНК СССР. |
| 260 ## - PUBLICATION, DISTRIBUTION, ETC. | |
| Place of publication, distribution, etc. | Москва : |
| Name of publisher, distributor, etc. | Тип. им. Сталина, |
| Date of publication, distribution, etc. | 1945. |
| 300 ## - PHYSICAL DESCRIPTION | |
| Extent | 17 с. ; |
| Dimensions | 22 см. |
| 650 14 - SUBJECT ADDED ENTRY--TOPICAL TERM | |
| Topical term or geographic name entry element | Համաշխարհային պատմություն |
| 9 (RLIN) | 5843 |
| 650 14 - SUBJECT ADDED ENTRY--TOPICAL TERM | |
| Topical term or geographic name entry element | История Германии |
| 651 #4 - SUBJECT ADDED ENTRY--GEOGRAPHIC NAME | |
| Geographic name | Германия |
| General subdivision | История |
| 710 2# - ADDED ENTRY--CORPORATE NAME | |
| Corporate name or jurisdiction name as entry element | Всесоюзное лекционное бюро при Комитете по делам высшей школы при СНК СССР |
| 942 ## - ADDED ENTRY ELEMENTS (KOHA) | |
| Source of classification or shelving scheme | Universal Decimal Classification |
| Koha item type | Գրքեր / Books |
| Withdrawn status | Lost status | Source of classification or shelving scheme | Damaged status | Not for loan | Collection | Home library | Current library | Date acquired | Total checkouts | Full call number | Barcode | Date last seen | Price effective from | Koha item type | Public note |
|---|---|---|---|---|---|---|---|---|---|---|---|---|---|---|---|
| Universal Decimal Classification | Kusikian Individual Collection | Fundamental Scientific Library | Fundamental Scientific Library | 03/07/2025 | Кус/3087 | FL0692543 | 03/07/2025 | 03/07/2025 | Գրքեր / Books | ILL Non-Circ |
ՀՀ Գիտությունների ազգային ակադեմիայի հիմնարար գիտական գրադարան = Fundamental Scientific Library of NAS RA
All site content, except where otherwise noted, is licensed under a